| 000 | 00611nam a22001937a 4500 | ||
|---|---|---|---|
| 008 | 151002b xxu||||| |||| 00| 0 eng d | ||
| 020 | _a0471169196 | ||
| 041 | 0 | _aeng | |
| 080 | _a657 | ||
| 100 | _aKimmel, Paul D. | ||
| 245 | 1 | 0 |
_aFinancial accounting : _cPaul D. Kimmel, Jerry J. Weygandt, Donald E. Kieso. |
| 260 |
_aNew York : _bJohn Wiley, _c1998. |
||
| 300 |
_axxx, 709, A1-24, B1-16, C1-18, PC1-2, I1-12 p. : _bme il.; _c29 cm. |
||
| 650 | 0 | _aKontabilitet | |
| 650 | 0 | _aFinanciar | |
| 700 | 1 | _aWeygandt, Jerry J. | |
| 700 | 1 | _aKieso, Donald E. | |
| 942 |
_2udc _cBK |
||
| 999 |
_c1213 _d1213 |
||